| 000 | 00977cab a2200277 4500 | ||
|---|---|---|---|
| 001 | ABS59607 | ||
| 008 | 090401t1998 xxu||||| |||| 00| 0 eng d | ||
| 035 | _a(Sirsi) u89814 | ||
| 041 | _aeng | ||
| 245 | _aGreen guide to building materials upsets PVC, aluminium suppliers | ||
| 260 | _c1998 | ||
| 350 | _a0 | ||
| 490 |
_aENDS Report _v(285) October 1998, 31(1) |
||
| 520 | _aThe Building Research Establishment has launched a new guide, "The Green Guide to Specification" which compares the environmenatl impacts of construction materials. Discusses the guide and the response from manufacturers of materials which have been marked down by the guide. | ||
| 650 | _aALUMINIUM | ||
| 650 | _aBRE | ||
| 650 | _aBUILT ENVIRONMENT-BUILDING MATERIALS | ||
| 650 | _aENVIRONMENT FRIENDLY | ||
| 650 | _aIMPACT | ||
| 650 | _aLIFE CYCLES | ||
| 650 | _aPVC | ||
| 650 | _aWINDOWS | ||
| 690 | _aBUILT ENVIRONMENT-BUILDING MATERIALS | ||
| 942 | _n0 | ||
| 948 | _c19/11/1998 | ||
| 999 |
_c56853 _d56853 |
||